Biggest cities in the Atlanta area - Statistics

General Stats
  • This quiz has been taken 33 times
  • The average score is 11 of 30
Answer Stats
Hint Answer % Correct
496,460 Atlanta
91%
66,130 Alpharetta
82%
61,500 Marietta
77%
92,530 Roswell
73%
107,180 Sandy Springs
68%
82,070 Johns Creek
59%
50,900 Dunwoody
45%
38,820 Peachtree City
45%
55,690 Smyrna
45%
33,050 Kennesaw
41%
55,370 Brookhaven
36%
30,520 Lawrenceville
36%
31,860 Duluth
32%
41,260 Milton
32%
43,300 Newnan
32%
35,560 Douglasville
27%
38,140 East Point
27%
36,200 Woodstock
27%
42,110 Peachtree Corners
23%
29,160 Stockbridge
23%
36,860 Tucker
23%
22,280 Acworth
18%
27,490 Carrollton
18%
29,780 Chamblee
18%
41,650 Mableton
18%
34,580 Canton
14%
30,360 McDonough
14%
34,870 Redan
14%
24,420 Candler-McAfee
9%
23,640 Griffin
5%
No matching quizzes found
Score Distribution
Percent of People with Each Score
Percentile by Number Answered
Your Score History
You have not taken this quiz